Mixed Word: 'Jelly Belly' Flavors Quiz Stats

Quiz Updated Oct 14, 2016

Challenge
Share
Tweet
Embed
Score 0/20 Timer 04:00
2 Plays Today
Hint Answer % Correct
WIKIKIWI
99.4%
APCEHPEACH
97.4%
LUBBEB UGMBUBBLE GUM
96.8%
ICYUJ APERJUICY PEAR
96.1%
POT NAABANTOP BANANA
92.3%
TOOCUCNCOCONUT
88.3%
OMLEN PORDLEMON DROP
88.3%
UTTIT-RITUTFITUTTI-FRUITTI
87.5%
RYBER UBLEBERRY BLUE
84.4%
RENEG PLEAPGREEN APPLE
84.3%
Hint Answer % Correct
CICEORLILICORICE
81.1%
TNOOCT AYNCDCOTTON CANDY
79.1%
TEDRUBTE NOPCOPRBUTTERED POPCORN
78.7%
TEMOWLANREWATERMELON
76.4%
EACLRAM ROCNCARAMEL CORN
73.7%
HILIC GNOAMCHILI MANGO
73.1%
SPEARYRBRRASPBERRY
72.6%
EOTDSAT AHMLSWRLOAMTOASTED MARSHMALLOW
68.6%
REWRASYTRB IAIUQIRDSTRAWBERRY DAIQUIRI
68%
PANI AOCDALPINA COLADA
63.1%

You're not logged in!

Compare scores with friends on all Sporcle quizzes.
Join for Free
OR
Log In

You Might Also Like...

Show Comments

Extras

Top Quizzes Today


Score Distribution

Your Account Isn't Verified!

In order to create a playlist on Sporcle, you need to verify the email address you used during registration. Go to your Sporcle Settings to finish the process.

Report this User

Report this user for behavior that violates our Community Guidelines.

Details: